[Event "GER-chT U16 Girls"]
[Site "Magdeburg"]
[Date "2023.12.28"]
[Round "3.3"]
[White "Wartenberg, Alissa"]
[Black "Moldovan, Tatiana"]
[Result "0-1"]
[WhiteElo "1721"]
[BlackElo "1590"]
[PlyCount "65"]
[EventDate "2023.12.26"]
[EventType "team-swiss"]
[EventRounds "7"]
[EventCountry "GER"]
[SourceTitle "CB03_2024"]
[SourceDate "2024.01.17"]
[SourceVersion "1"]
[SourceVersionDate "2024.01.17"]
[SourceQuality "1"]
[WhiteTeam "Hamburger SK"]
[BlackTeam "Hohentuebingen"]
[WhiteTeamCountry "GER"]
[BlackTeamCountry "GER"]

1. e4 c5 2. Nf3 a6 3. c3 d5 4. exd5 Qxd5 5. d4 e6 6. Be3 cxd4 7. cxd4 Nc6 8. Nc3 Qd7 9. a3 Nf6 10. Bd3 Bd6 11. Rc1 b5 12. 0-0 Bb7 13. Bb1 Rc8 14. Re1 Ne7 15. Bg5 h6 16. Be3 Bb8 17. Ba2 Ng4 18. h3 Nxe3 19. fxe3 Bg3 20. Rf1 0-0 21. Qd3 Nd5 22. Ne4 Bd6 23. Nxd6 Qxd6 24. e4 Nf4 25. Qe3 Ng6 26. e5 Qd7 27. Rcd1 Rc2 28. Bb1 Rc4 29. b3 Rc7 30. Qd3 Rfc8 31. Nh2 Rc3 32. Qd2 Rg3 33. Rf2 0-1

[Event "GER-chT Lands U20"]
[Site "Hannover"]
[Date "2023.10.03"]
[Round "5"]
[White "Wunderlich, Elias"]
[Black "Wartenberg, Alissa"]
[Result "1/2-1/2"]
[WhiteElo "1941"]
[BlackElo "1825"]
[PlyCount "102"]
[EventDate "2023.10.01"]
[EventType "team-swiss"]
[EventRounds "7"]
[EventCountry "GER"]
[SourceTitle "EXT 2024"]
[Source "ChessBase"]
[SourceDate "2023.10.10"]
[SourceVersion "1"]
[SourceVersionDate "2023.10.10"]
[SourceQuality "1"]

1. e4 c5 2. c3 e6 3. d4 d5 4. exd5 exd5 5. Nf3 Nf6 6. Bd3 Qb6 7. 0-0 Nc6 8. Re1+ Be6 9. Ng5 Kd7 10. Qc2 g6 11. h3 cxd4 12. Qe2 Re8 13. Qf1 Bd6 14. cxd4 Qxd4 15. Nc3 Qb6 16. Nb5 Bc5 17. Bf4 a6 18. Bc7 Bxf2+ 19. Kh2 Bg1+ 20. Qxg1 Qxg1+ 21. Kxg1 axb5 22. Bb6 Kd6 23. Bxb5 Nd7 24. Bf2 Nde5 25. Rac1 f6 26. Bc5+ Kd7 27. Re3 h6 28. Nf3 Nxf3+ 29. Rxf3 f5 30. Bd4 Rhg8 31. Ra3 Ra8 32. Bxc6+ bxc6 33. Rb3 Rgb8 34. Rxb8 Rxb8 35. Kf2 Rb4 36. Bc3 Rc4 37. b3 Rf4+ 38. Kg3 Re4 39. Re1 h5 40. Rxe4 fxe4 41. b4 Kc7 42. Bd4 Kb7 43. Kf4 Kc7 44. Ke5 Bf5 45. a4 e3 46. Bxe3 Bc2 47. a5 Kb7 48. Kd4 Ba4 49. Kc5 Bb5 50. g3 Bf1 51. h4 Bb5 1/2-1/2

[Event "GER-chT Lands U20"]
[Site "Hannover"]
[Date "2023.10.01"]
[Round "1"]
[White "Mueller, Riyanna"]
[Black "Wartenberg, Alissa"]
[Result "0-1"]
[WhiteElo "1760"]
[BlackElo "1825"]
[PlyCount "118"]
[EventDate "2023.10.01"]
[EventType "team-swiss"]
[EventRounds "7"]
[EventCountry "GER"]
[SourceTitle "EXT 2024"]
[Source "ChessBase"]
[SourceDate "2023.10.10"]
[SourceVersion "1"]
[SourceVersionDate "2023.10.10"]
[SourceQuality "1"]

1. e4 c5 2. c3 d5 3. exd5 Qxd5 4. d4 Nf6 5. Nf3 e6 6. Be3 cxd4 7. cxd4 Bb4+ 8. Nc3 Qa5 9. Qc2 Nc6 10. Bd3 Nd5 11. Bd2 Qb6 12. 0-0 Bd7 13. Rfe1 Nxd4 14. Nxd4 Qxd4 15. Nxd5 Bxd2 16. Nc7+ Ke7 17. Qxd2 Rac8 18. Qg5+ Kf8 19. Qg3 a6 20. Nxa6 bxa6 21. Bxa6 Rd8 22. Qa3+ Ke8 23. Rad1 Qg4 24. Qd6 Qg5 25. Qb6 Ke7 26. Re3 Bc6 27. Qc7+ Kf6 28. Qxc6 Rxd1+ 29. Bf1 Qd5 30. Qc3+ e5 31. a4 Rd8 32. b4 Qd4 33. Rf3+ Ke7 34. Qb3 f6 35. b5 Rc8 36. h3 Rcc1 37. Qg8 Rxf1+ 38. Kh2 Rh1+ 39. Kg3 e4 40. Qxg7+ Ke6 41. Rf4 Rc3+ 42. f3 Rxf3+ 43. Rxf3 exf3 44. Qg8+ Ke5 45. Qe8+ Kd6 46. Qf8+ Kd5 47. Qf7+ Kc5 48. Qc7+ Kb4 49. b6 fxg2 50. Qe7+ Kxa4 51. Qe8+ Ka5 52. Qa8+ Kxb6 53. Qb8+ Kc5 54. Qa7+ Kc4 55. Qa4+ Kd3 56. Qb5+ Ke3 57. Qb3+ Qd3 58. Qe6+ Kd4+ 59. Kf4 Rf1+ 0-1

[Event "Krefeld op"]
[Site "Krefeld"]
[Date "2023.08.05"]
[Round "6"]
[White "Klees, Robert"]
[Black "Wartenberg, Alissa"]
[Result "0-1"]
[WhiteElo "1459"]
[BlackElo "1825"]
[PlyCount "74"]
[EventDate "2023.08.02"]
[EventType "swiss"]
[EventRounds "9"]
[EventCountry "GER"]
[SourceTitle "CBM 215 Extra"]
[Source "ChessBase"]
[SourceDate "2023.09.30"]
[SourceVersion "1"]
[SourceVersionDate "2023.09.30"]
[SourceQuality "1"]

1. d4 d5 2. c4 c6 3. cxd5 cxd5 4. Bf4 Nc6 5. e3 Nf6 6. Nc3 Bf5 7. Qb3 Qd7 8. h3 e6 9. a3 a6 10. Nf3 Be7 11. Na4 Na5 12. Qd1 Qd8 13. b4 Rc8 14. Bd3 Bxd3 15. Qxd3 Nc4 16. 0-0 Ne4 17. Nc5 Bxc5 18. dxc5 0-0 19. Rac1 b5 20. Be5 a5 21. Bc3 axb4 22. axb4 f6 23. Nd4 Qe8 24. f3 Ng5 25. Ra1 e5 26. Nb3 Qe6 27. Na5 Rcd8 28. Qe2 d4 29. exd4 exd4 30. Qxe6+ Nxe6 31. Nc6 dxc3 32. Nxd8 Rxd8 33. Rfe1 Nd4 34. Rac1 c2 35. c6 Ne5 36. c7 Rc8 37. f4 Nd3 0-1

[Event "GER-ch U14 Girls"]
[Site "Willingen"]
[Date "2022.06.11"]
[Round "9"]
[White "Wartenberg, Alissa"]
[Black "Stepanjan, Marianne"]
[Result "0-1"]
[WhiteElo "1790"]
[BlackElo "1489"]
[PlyCount "164"]
[EventDate "2022.06.04"]
[EventType "swiss"]
[EventRounds "9"]
[EventCountry "GER"]
[SourceTitle "CBM 208 Extra"]
[Source "ChessBase"]
[SourceDate "2022.07.31"]
[SourceVersion "1"]
[SourceVersionDate "2022.07.31"]
[SourceQuality "1"]

1. e4 c5 2. Nf3 d6 3. d4 cxd4 4. Nxd4 Nf6 5. Nc3 a6 6. Bc4 e6 7. Be3 Be7 8. Qe2 0-0 9. 0-0-0 Re8 10. g4 b5 11. Bd3 Bb7 12. g5 Nfd7 13. Rhg1 Nc5 14. Qg4 b4 15. Nce2 Nbd7 16. h4 Ne5 17. Qg2 Rc8 18. Kb1 Nexd3 19. cxd3 a5 20. h5 a4 21. g6 fxg6 22. hxg6 h6 23. Qh3 Bf6 24. Rg3 Ba6 25. Nc1 a3 26. b3 Qc7 27. Bxh6 gxh6 28. Qxh6 Bxd4 29. Rh1 Qg7 30. Qh7+ Qxh7 31. gxh7+ Kf7 32. Rf3+ Ke7 33. Ne2 Bh8 34. Nf4 Rf8 35. Ng6+ Kd7 36. Rxf8 Bxd3+ 37. Kc1 Rxf8 38. Nxf8+ Kc6 39. f3 Be2 40. Rh3 d5 41. exd5+ exd5 42. Ng6 Bb2+ 43. Kd2 Bd3 44. Nf4 Bc3+ 45. Ke3 Bb1 46. Ne2 Bh8 47. Nc1 d4+ 48. Kf4 Ne6+ 49. Kg4 Nf8 50. Rh6+ Kd5 51. Ra6 Nxh7 52. Ra5+ Kc6 53. Ra6+ Kb5 54. Ra8 Bf6 55. Rb8+ Kc5 56. Rc8+ Kd5 57. f4 d3 58. Rc7 Nf8 59. Nxd3 Bxd3 60. Rc1 Bc3 61. f5 Ke5 62. f6 Kxf6 63. Kf3 Ne6 64. Ke3 Nc5 65. Rh1 Bg6 66. Rf1+ Ke5 67. Rh1 Nxb3 68. axb3 a2 69. Ke2 a1Q 70. Rxa1 Bxa1 71. Kd2 Bb2 72. Ke3 Bc2 73. Ke2 Bc3 74. Ke3 Bxb3 75. Kd3 Kd5 76. Ke2 Bc2 77. Ke3 b3 78. Ke2 b2 79. Kf3 b1Q 80. Kg4 Qf1 81. Kg5 Qf5+ 82. Kh6 Qg6# 0-1

[Event "Heusenstamm Sparkassen op-B 7th"]
[Site "Heusenstamm"]
[Date "2021.11.20"]
[Round "5.20"]
[White "Vranckx, Oscar"]
[Black "Wartenberg, Alissa"]
[Result "1/2-1/2"]
[WhiteElo "1345"]
[BlackElo "1586"]
[PlyCount "103"]
[EventDate "2021.11.18"]
[EventType "swiss"]
[EventRounds "7"]
[EventCountry "GER"]
[SourceTitle "EXT 2023"]
[Source "ChessBase"]
[SourceDate "2022.10.05"]
[SourceVersion "1"]
[SourceVersionDate "2022.10.05"]
[SourceQuality "1"]

1. e4 e5 2. Nf3 Nc6 3. d4 exd4 4. Nxd4 Bc5 5. Be3 Qf6 6. c3 Nge7 7. g3 b6 8. Bg2 Bb7 9. b4 Bxd4 10. cxd4 Qg6 11. f4 Nxb4 12. Nc3 0-0 13. f5 Qc6 14. Rc1 Nxf5 15. d5 Qc4 16. exf5 Nd3+ 17. Kd2 Nxc1 18. Bf1 Qb4 19. Qxc1 Bxd5 20. a3 Qa5 21. Rg1 Bb7 22. f6 Rfe8 23. Bd3 Qe5 24. Bf4 Qxf6 25. Rf1 Qe7 26. Qd1 Qxa3 27. Bxc7 Rac8 28. Bxh7+ Kh8 29. Qh5 Qc5 30. Bf5+ Kg8 31. Qh7+ Kf8 32. Qh8+ Ke7 33. Re1+ Kf6 34. Rxe8 Rxe8 35. Qxe8 Qxf5 36. Bf4 Ba6 37. Qe3 Qe6 38. Qd4+ Kg6 39. Bb8 Qc6 40. Nd5 Kh7 41. Bxa7 Qh6+ 42. Ke1 Qxh2 43. Qe4+ Kh8 44. Qh4+ Qxh4 45. gxh4 Kh7 46. Bxb6 Kh6 47. Kf2 g5 48. Be3 Kg6 49. hxg5 Bc4 50. Nb6 Be6 51. Kg3 f6 52. gxf6 1/2-1/2

[Event "Heusenstamm Sparkassen op-B 7th"]
[Site "Heusenstamm"]
[Date "2021.11.20"]
[Round "4.15"]
[White "Wartenberg, Alissa"]
[Black "Schmid, Leon"]
[Result "1/2-1/2"]
[WhiteElo "1586"]
[BlackElo "1536"]
[PlyCount "99"]
[EventDate "2021.11.18"]
[EventType "swiss"]
[EventRounds "7"]
[EventCountry "GER"]
[SourceTitle "EXT 2023"]
[Source "ChessBase"]
[SourceDate "2022.10.05"]
[SourceVersion "1"]
[SourceVersionDate "2022.10.05"]
[SourceQuality "1"]

1. e4 c5 2. Nf3 Nc6 3. d4 cxd4 4. Nxd4 Nf6 5. Nc3 e5 6. Nf3 Bb4 7. Bd3 h6 8. 0-0 0-0 9. Bd2 a6 10. Nd5 Bxd2 11. Qxd2 b5 12. Qc3 Re8 13. a3 Bb7 14. Nh4 Nxd5 15. exd5 Nd4 16. Nf5 Nxf5 17. Bxf5 Bxd5 18. Rad1 Bc6 19. f3 Qb6+ 20. Kh1 d5 21. Rfe1 d4 22. Qd3 Re7 23. f4 f6 24. fxe5 fxe5 25. Qg3 Qc7 26. Qg6 Bd7 27. Qh7+ Kf7 28. Bg6+ Ke6 29. Be4 Rf8 30. Rf1 Rxf1+ 31. Rxf1 Kd6 32. Qg6+ Be6 33. b4 Rf7 34. Rd1 Qc4 35. Bd3 Qc3 36. Qg3 Bc4 37. Qg6+ Ke7 38. Qxa6 Bxd3 39. cxd3 Qxd3 40. Qb7+ Kd6 41. Qb6+ Kd7 42. Qb7+ Kd6 43. Qb8+ Kd7 44. Qa7+ Kd8 45. Qa8+ Kd7 46. Qd5+ Kc8 47. Rc1+ Rc7 48. Qe6+ Kb7 49. Qd5+ Kc8 50. Qe6+ 1/2-1/2

[Event "GER-chT Lands U20"]
[Site "Neumuenster"]
[Date "2021.10.02"]
[Round "1.4"]
[White "Wartenberg, Alissa"]
[Black "Buchholz, Maja Patricia"]
[Result "0-1"]
[WhiteElo "1662"]
[BlackElo "1748"]
[PlyCount "88"]
[EventDate "2021.10.01"]
[EventType "team-swiss"]
[EventRounds "7"]
[EventCountry "GER"]
[SourceTitle "CBM 204 Extra"]
[Source "ChessBase"]
[SourceDate "2021.11.30"]
[SourceVersion "1"]
[SourceVersionDate "2021.11.30"]
[SourceQuality "1"]
[WhiteTeam "Hamburg"]
[BlackTeam "Hessen"]
[WhiteTeamCountry "GER"]
[BlackTeamCountry "GER"]

1. e4 d6 2. d4 Nf6 3. Nc3 g6 4. Nf3 Bg7 5. h3 c6 6. Be3 b5 7. Bd3 0-0 8. 0-0 Nbd7 9. Qd2 Re8 10. Rad1 Nb6 11. Rfe1 a5 12. a3 Qc7 13. d5 b4 14. axb4 axb4 15. Ne2 c5 16. c3 c4 17. Bxb6 Qxb6 18. Bxc4 Nxe4 19. Qe3 Qxe3 20. fxe3 bxc3 21. Bd3 f5 22. bxc3 Nxc3 23. Nxc3 Bxc3 24. Re2 Ba6 25. Rc2 Bf6 26. Bxa6 Rxa6 27. Kf2 Rea8 28. Rdd2 Kf7 29. Nd4 Bxd4 30. Rxd4 Ra2 31. Rdd2 Rxc2 32. Rxc2 Ra5 33. Rd2 Kf6 34. Rd4 Ke5 35. Rh4 h5 36. g4 hxg4 37. hxg4 Rxd5 38. g5 Rd2+ 39. Kf3 Ke6 40. Rh7 Ra2 41. Rg7 Rh2 42. Rxg6+ Kf7 43. Rh6 Rxh6 44. gxh6 e5 0-1

[Event "GER-chT Christmas U20 Girls"]
[Site "Playchess.com INT"]
[Date "2020.12.29"]
[Round "6.3"]
[White "Wartenberg, Alissa"]
[Black "Visvikis, Kassandra"]
[Result "0-1"]
[WhiteElo "1562"]
[BlackElo "1610"]
[PlyCount "100"]
[EventDate "2020.12.29"]
[EventType "team-swiss (blitz)"]
[EventRounds "7"]
[EventCountry "GER"]
[SourceTitle "CBM 200 Extra"]
[Source "ChessBase"]
[SourceDate "2021.03.31"]
[SourceVersion "1"]
[SourceVersionDate "2021.03.31"]
[SourceQuality "1"]
[WhiteTeam "Hamburger SK"]
[BlackTeam "Baden-Baden"]
[WhiteTeamCountry "GER"]
[BlackTeamCountry "GER"]

1. e4 e5 2. Nf3 Nc6 3. Nc3 Nf6 4. d4 exd4 5. Nxd4 Bc5 6. Nxc6 bxc6 7. Bd3 d6 8. Bg5 h6 9. Bh4 a5 10. Qf3 Bd4 11. 0-0 Bd7 12. h3 0-0 13. Rfd1 Re8 14. Bc4 Bxc3 15. bxc3 g5 16. Bg3 Rxe4 17. Bd3 g4 18. Qxe4 Nxe4 19. Bxe4 d5 20. Bd3 gxh3 21. gxh3 Bxh3 22. Kh2 Bg4 23. Rg1 Kf8 24. Rae1 Qg5 25. Rh1 Bf3 26. Kg1 Bxh1 27. Kxh1 Re8 28. Rg1 Qh5+ 29. Kg2 d4 30. cxd4 Qd5+ 31. Kh2 Qxd4 32. Rh1 h5 33. Kg2 Qd5+ 34. Kh2 Qxa2 35. Kg2 Qd5+ 36. Kh2 a4 37. Bf4 a3 38. Bh6+ Ke7 39. Re1+ Kd8 40. Rd1 Qd6+ 41. Kg2 Qxh6 42. Bf5+ Ke7 43. Rd7+ Kf8 44. Bh3 Qg6+ 45. Kh2 Qxc2 46. Rxc7 a2 47. Ra7 Qxf2+ 48. Bg2 Re2 49. Ra8+ Kg7 50. Rxa2 Qxg2# 0-1